IPv6 mandates : (Record no. 35954)

MARC details
000 -LEADER
fixed length control field 00543nam a22001697a 4500
005 - DATE AND TIME OF LATEST TRANSACTION
control field 20240625105659.0
008 - FIXED-LENGTH DATA ELEMENTS--GENERAL INFORMATION
fixed length control field 240625b |||||||| |||| 00| 0 eng d
020 ## - INTERNATIONAL STANDARD BOOK NUMBER
ISBN 9780470191194
082 ## - DEWEY DECIMAL CLASSIFICATION NUMBER
Classification number 004.62
Item number SII-I
100 ## - MAIN ENTRY--AUTHOR
Author Name Sill, Karl
245 ## - TITLE STATEMENT
Title IPv6 mandates :
Remainder of title Choosing a transition strategy, preparing transition plans, and executing the migration of a network to IPv6 /
Statement of responsibility, etc. Karsl Sill
260 ## - PUBLICATION, DISTRIBUTION, ETC.
Place of Publication USA:
Name of publisher, distributor, etc. Pearson;
Date of publication, distribution, etc. 2008.
300 ## - PHYSICAL DESCRIPTION
Pages xvi, 475 p. :
500 ## - GENERAL NOTE
General note include index.
650 ## - SUBJECT ADDED ENTRY--TOPICAL TERM
Subject / Department Networking
300 ## - PHYSICAL DESCRIPTION
-- ill;
-- 24 cm.
952 ## - LOCATION AND ITEM INFORMATION (KOHA)
-- 0
-- 0
952 ## - LOCATION AND ITEM INFORMATION (KOHA)
-- 0
-- 0
952 ## - LOCATION AND ITEM INFORMATION (KOHA)
-- 0
-- 0
952 ## - LOCATION AND ITEM INFORMATION (KOHA)
-- 0
-- 0
952 ## - LOCATION AND ITEM INFORMATION (KOHA)
-- 0
-- 0
Holdings
Lost status Damaged status Collection code Permanent Location Current Location Shelving Location Date acquired Full Call Number Accession No./Barcode Date last seen Copy number item type Koha item type
    CS/IT Superior Information Resource Center (SIRC) Superior University- Gold Campus Superior Information Resource Center (SIRC) Superior University- Gold Campus Networking 06/25/2024 004.60 SII-I 2008 17685 06/25/2024 1 BOOK BOOK
    CS/IT Superior Information Resource Center (SIRC) Superior University- Gold Campus Superior Information Resource Center (SIRC) Superior University- Gold Campus Networking 06/25/2024 004.60 SII-I 2008 17687 06/25/2024 2 BOOK BOOK
    CS/IT Superior Information Resource Center (SIRC) Superior University- Gold Campus Superior Information Resource Center (SIRC) Superior University- Gold Campus Networking 06/25/2024 004.60 SII-I 2008 17688 06/25/2024 3 BOOK BOOK
    CS/IT Superior Information Resource Center (SIRC) Superior University- Gold Campus Superior Information Resource Center (SIRC) Superior University- Gold Campus Networking 06/25/2024 004.60 SII-I 2008 17689 06/25/2024 4 BOOK BOOK
    CS/IT Superior Information Resource Center (SIRC) Superior University- Gold Campus Superior Information Resource Center (SIRC) Superior University- Gold Campus Networking 08/02/2024 004.60 SII-I 2008 17686 08/02/2024 5 BOOK BOOK

Powered by Koha